Movies Quiz

Random Movies or Actor Quiz

Warren Beatty Movies Quiz Stats

 Plays Quiz Updated Feb 27, 2017

Support Sporcle.
Go Orange.
Score 0/23 Timer 07:00
0 Plays Today
Year Movie % Correct
1967Bonnie and Clyde
86.2%
1990Dick Tracy
74.7%
1981Reds
71.9%
1975Shampoo
60.3%
1991Bugsy
60.2%
1978Heaven Can Wait
59.3%
1998Bulworth
48%
1961Splendor in the Grass
38.2%
1971McCabe & Mrs. Miller
37.9%
1987Ishtar
35.5%
2001Town & Country
23.1%
1994Love Affair
21.2%
Year Movie % Correct
2016Rules Don't Apply
20.2%
1974The Parallax View
19.3%
1975The Fortune
11.9%
1965Mickey One
11.5%
1961The Roman Spring of Mrs. Stone
11.4%
1971$ (The Heist)
10.6%
1964Lilith
10.1%
1962All Fall Down
8.1%
1970The Only Game in Town
8.1%
1966Kaleidoscope
6.7%
1965Promise Her Anything
6.4%

You're not logged in!

Compare scores with friends on all Sporcle quizzes.
OR
Log In
Forgot?

From the Vault

'G' in Science

by THEJMAN

Science 5m
So is a 'G' in science worse than an 'F'?
Remove Ads.
Support Sporcle.
Get the best of Sporcle when you Go Orange. This ad-free experience offers more features, more stats, and more fun while also helping to support Sporcle. Thank you for becoming a member.

Show Comments

Extras

Top Quizzes Today


Score Distribution

Your Account Isn't Verified!

In order to create a playlist on Sporcle, you need to verify the email address you used during registration. Go to your Sporcle Settings to finish the process.

Report this User

Report this user for behavior that violates our Community Guidelines.

Details: